Stretching anatomy (Record no. 394127)

MARC details
000 -LEADER
fixed length control field 00557 a2200217 4500
005 - DATE & TIME
control field 20260128103430.0
008 - FIXED-LENGTH DATA ELEMENTS--GENERAL INFORMATION
fixed length control field 260127b |||||||| |||| 00| 0 eng d
020 ## - ISBN
International Standard Book Number 9780736059725
Price $ 19.95
040 ## - CATALOGING SOURCE
Original cataloging agency VIVEKANANDA LIBRARY
082 ## - DDC NUMBER
Classification number 796.076137
Book Number N331S
100 ## - MAIN ENTRY--PERSONAL NAME
Personal name Nelson, Arnold G
245 ## - TITLE STATEMENT
Title Stretching anatomy
260 ## - PUBLICATION, DISTRIBUTION, ETC. (IMPRINT)
Name of publisher, distributor, etc Human Kinetics
Date of publication, distribution, etc 2007
Place of publication, distribution, etc Champaign
300 ## - PHYSICAL DESCRIPTION
Pages ix, 147
650 ## - Subject
Subject Physical Eduction
650 ## - Subject
Subject Exercise-Fitness
650 ## - Subject
Subject Stretching
650 ## - Subject
Subject Physical Training
700 ## - Added Entry Personal Name
Added Entry Personal Name Kokkonen, Jouko
942 ## - ADDED ENTRY ELEMENTS (KOHA)
Koha item type Books
Holdings
Withdrawn status Lost status Source of classification or shelving scheme Damaged status Not for loan Location (home branch) Sublocation or collection (holding branch) Shelving location Date acquired Koha issues (times borrowed) Koha full call number Accession No. Koha date last seen Koha item type
    Dewey Decimal Classification     VIVEKANANDA LIBRARY VIVEKANANDA LIBRARY Vivekananda Library 17/12/2025   796.076137 N331S 443709 17/12/2025 Books
© Designed and Maintained by Vivekananda Library, MDU Rohtak